Т. 48: Армянская ССР. Период 1966-1970. Вып. 1: Опубликованные работы. Кн. 2: Аннотированный библиографический указатель; Геологическая изученность СССР

מידע ביבליוגרפי
Parent link:Геологическая изученность СССР: [обзорные главы, рефераты, аннотации и библиографические справки]/ Академия Наук СССР, Комиссия по геологической изученности СССР. Т. 48: Армянская ССР. Период 1966-1970. Вып. 1: Опубликованные работы. Кн. 2: Аннотированный библиографический указатель.— , 1961-1988
מחבר תאגידי: Академия наук Армянской ССР (АН АрмССР) Институт геологических наук (ИГН)
מחברים אחרים: Кочарян А. Е. (редактор)
שפה:רוסית
יצא לאור: Ереван, Изд-во АН АрмССР, 1988
נושאים:
פורמט: MixedMaterials ספר
KOHA link:https://koha.lib.tpu.ru/cgi-bin/koha/opac-detail.pl?biblionumber=249824

MARC

LEADER 00000nam2a2200000 4500
001 249824
005 20231101232516.0
035 |a (RuTPU)RU\TPU\book\271936 
090 |a 249824 
100 |a 20140207d1988 k y0rusy50 ca 
101 0 |a rus 
102 |a AM 
105 |a y ad 001zy 
200 0 |a Т. 48: Армянская ССР. Период 1966-1970. Вып. 1: Опубликованные работы. Кн. 2: Аннотированный библиографический указатель  |f Академия наук Армянской ССР (АН АрмССР), Институт геологических наук (ИГН) ; отв. ред. А. Е. Кочарян 
210 |a Ереван  |c Изд-во АН АрмССР  |d 1988 
215 |a 231 с. 
320 |a Авторский указатель: с. 198-205. 
320 |a Предметно-систематический указатель: с. 206-211. 
320 |a Географический указатель: с. 212-221. 
320 |a Указатель минералов, полезных ископаемых, месторождений: с. 222-225. 
461 1 |0 (RuTPU)RU\TPU\book\58444  |t Геологическая изученность СССР  |o [обзорные главы, рефераты, аннотации и библиографические справки]  |f Академия Наук СССР, Комиссия по геологической изученности СССР  |v Т. 48: Армянская ССР. Период 1966-1970. Вып. 1: Опубликованные работы. Кн. 2: Аннотированный библиографический указатель  |d 1961-1988 
606 1 |a Геологическая изученность  |y СССР  |2 stltpush  |3 (RuTPU)RU\TPU\subj\6035  |9 34000 
610 1 |a геология 
610 1 |a Армянская ССР 
610 1 |a опубликованные источники 
610 1 |a рефераты 
610 1 |a библиографические пособия 
675 |a 55(47+57)  |v 3 
702 1 |a Кочарян  |b А. Е.  |4 340 
712 0 2 |a Академия наук Армянской ССР (АН АрмССР)  |b Институт геологических наук (ИГН)  |2 stltpush  |3 (RuTPU)RU\TPU\col\12969 
801 1 |a RU  |b 63413507  |c 20140207 
801 2 |a RU  |b 63413507  |c 20140218  |g RCR 
942 |c BK